Quản lý dự án

TM tham khảo tr.162; Gồm: Khởi đầu, tổ chức, hoạch định và lập tiến độ dự án; Kiểm soát dự án và kết thúc

保存先:
書誌詳細
第一著者: Cao, Hào Thi
その他の著者: Nguyễn, Thúy Quỳnh Loan
フォーマット: 図書
言語:Undetermined
出版事項: Tp. Hồ Chí Minh Đại học Quốc gia Tp. Hồ Chí Minh 2014
主題:
オンライン・アクセス:http://lrc.tdmu.edu.vn/opac/search/detail.asp?aID=2&ID=39596
タグ: タグ追加
タグなし, このレコードへの初めてのタグを付けませんか!
Thư viện lưu trữ: Trung tâm Học liệu Trường Đại học Thủ Dầu Một
LEADER 00874nam a2200217Ia 4500
001 TDMU_39596
008 210410s9999 xx 000 0 und d
082 |a 624.028 
090 |b C108 
100 |a Cao, Hào Thi 
245 0 |a Quản lý dự án 
245 0 |c Cao Hào Thi, Nguyễn Thúy Quỳnh Loan 
260 |a Tp. Hồ Chí Minh 
260 |b Đại học Quốc gia Tp. Hồ Chí Minh 
260 |c 2014 
300 |a 162tr.. 
520 |a TM tham khảo tr.162; Gồm: Khởi đầu, tổ chức, hoạch định và lập tiến độ dự án; Kiểm soát dự án và kết thúc 
650 |a Quản lý dự án 
700 |a Nguyễn, Thúy Quỳnh Loan 
856 |u http://lrc.tdmu.edu.vn/opac/search/detail.asp?aID=2&ID=39596 
980 |a Trung tâm Học liệu Trường Đại học Thủ Dầu Một